Microorganismos /
Guardado en:
| Autor Principal: | |
|---|---|
| Formato: | Libro |
| Idioma: | Spanish |
| Publicado: |
Washington :
Departamento de Asuntos Científicos, Unión Panamericana,
1968.
|
| Series: | Serie de biología. Monografía ;
nº 6 |
| Etiquetas: |
Agregar Etiqueta
Sin Etiquetas, Sea el primero en etiquetar este registro!
|
| LEADER | 00524nam a22001455a 4500 | ||
|---|---|---|---|
| 001 | EEA.libagro005758 | ||
| 005 | 20161004132227.0 | ||
| 008 | 130809s1968####xxua##########000#0#spa#d | ||
| 082 | 0 | 4 | |a 576 |
| 100 | 1 | |a Gutiérrez-Vazquez, J.M. | |
| 245 | 1 | 0 | |a Microorganismos / |c por J. M. Gutiérrez-Vázquez. |
| 260 | |a Washington : |b Departamento de Asuntos Científicos, Unión Panamericana, |c 1968. | ||
| 300 | |a vi, 76 p. : |b il. ; |c 19 cm. | ||
| 490 | 1 | |a Serie de biología. Monografía ; |v nº 6 | |
| 859 | |a AR-BbBCA |b BIB. AGRONOMIA |h 576 |i G983 |p 1998/3102 | ||
